Capital City of Every Spanish Region - Statistics

General Stats
  • This quiz has been taken 35 times
  • The average score is 12 of 17
Answer Stats
Region Capital % Correct
Madrid Madrid
97%
Murcia Murcia
97%
Andalusia Sevilla
97%
Catalonia Barcelona
94%
Valencia Valencia
94%
Balearic Islands Palma
87%
Aragon Zaragoza
74%
Galicia Santiago de Compostela
71%
Castilla-La Mancha Toledo
68%
Castilla-Leon Valladolid
65%
Asturias Oviedo
61%
Navarra Pamplona
58%
Basque Country Vitoria
58%
La Rioja Logroño
52%
Canary Islands Santa Cruz de Tenerife
52%
Cantabria Santander
52%
Extremadura Mérida
48%
No matching quizzes found
Score Distribution
Percent of People with Each Score
Percentile by Number Answered
Your Score History
You have not taken this quiz